نقرِ سخن : (Record no. 106880)
[ view plain ]
| 000 -LEADER | |
|---|---|
| fixed length control field | 00748nam a22002417a 4500 |
| 005 - DATE AND TIME OF LATEST TRANSACTION | |
| control field | 20170123162318.0 |
| 010 ## - LIBRARY OF CONGRESS CONTROL NUMBER | |
| LC control number | A-443404 |
| 020 ## - INTERNATIONAL STANDARD BOOK NUMBER | |
| Terms of availability | 50.00 |
| 035 ## - SYSTEM CONTROL NUMBER | |
| System control number | A-443404 |
| 037 ## - SOURCE OF ACQUISITION | |
| Source of stock number/acquisition | Cen Lib/Ret |
| 040 ## - CATALOGING SOURCE | |
| Original cataloging agency | DPL |
| Language of cataloging | UR |
| 082 ## - DEWEY DECIMAL CLASSIFICATION NUMBER | |
| Classification number | 841.08 |
| Item number | ر ض و |
| 100 ## - MAIN ENTRY--PERSONAL NAME | |
| Personal name | رضوی، ارتضیٰ |
| 9 (RLIN) | 14097 |
| 245 ## - TITLE STATEMENT | |
| Title | نقرِ سخن : |
| Statement of responsibility, etc | ارتضیٰ رضوی |
| Remainder of title | مجمع مضامین / |
| 246 ## - VARYING FORM OF TITLE | |
| Title proper/short title | Nawad-e-sakhan : majuma mazamen / |
| Remainder of title | by Artaza Rizvi |
| 260 ## - PUBLICATION, DISTRIBUTION, ETC. (IMPRINT) | |
| Name of publisher, distributor, etc | ششباز رضوی |
| Date of publication, distribution, etc | 1990 |
| 300 ## - PHYSICAL DESCRIPTION | |
| Extent | 186p. |
| Dimensions | 21cm(Hb) |
| 650 ## - SUBJECT ADDED ENTRY--TOPICAL TERM | |
| Topical term or geographic name as entry element | اردو ادب |
| 9 (RLIN) | 115830 |
| 650 ## - SUBJECT ADDED ENTRY--TOPICAL TERM | |
| Topical term or geographic name as entry element | اردومضامین |
| 9 (RLIN) | 115831 |
| 650 ## - SUBJECT ADDED ENTRY--TOPICAL TERM | |
| Topical term or geographic name as entry element | Urdu literature |
| 9 (RLIN) | 115832 |
| 650 ## - SUBJECT ADDED ENTRY--TOPICAL TERM | |
| Topical term or geographic name as entry element | Urdu artices |
| 9 (RLIN) | 111434 |
| 942 ## - ADDED ENTRY ELEMENTS (KOHA) | |
| Source of classification or shelving scheme | Dewey Decimal Classification |
| Koha item type | Urdu Bks |
| Classification part | 841.08 |
| Call number suffix | ر ض و |
| Withdrawn status | Lost status | Damaged status | Not for loan | Home library | Current library | Date acquired | Source of acquisition | Cost, normal purchase price | Total Checkouts | Full call number | Barcode | Date last seen | Copy number | Cost, replacement price | Price effective from | Koha item type |
|---|---|---|---|---|---|---|---|---|---|---|---|---|---|---|---|---|
| Central Library | Central Library | 30/12/2015 | Cen Lib/Ret | 50.00 | 841.08 ر ض و | A-443404 | 30/12/2015 | 1 | 50.00 | 30/12/2015 | Urdu Bks |
